Nőgyógyászati ultrahang diagnosztika
Elmentve itt :
| Szerzők: | |
|---|---|
| További közreműködők: | |
| Dokumentumtípus: | Prezentáció |
| Megjelent: |
2020
|
| Kulcsszavak: | ultrahang-diagnosztika nőgyógyászat |
| Tárgyszavak: | |
| Online Access: | http://eta.bibl.u-szeged.hu/5461 |
| LEADER | 01009nnm a2200289 i 4500 | ||
|---|---|---|---|
| 001 | eta5461 | ||
| 005 | 20210407105236.0 | ||
| 008 | 210407s2020 hu o 0|| hun d | ||
| 040 | |a SZTE Elektronikus Tananyag Archívum |b hun | ||
| 041 | |a hun | ||
| 100 | 1 | |a Balogh Dániel | |
| 245 | 1 | 0 | |a Nőgyógyászati ultrahang diagnosztika |h [elektronikus dokumentum] / |c Balogh Dániel |
| 246 | 1 | 0 | |a Ultrasound in gynecology |h [elektronikus dokumentum] |
| 260 | |c 2020 | ||
| 300 | |a 68 | ||
| 516 | |a Presentation | ||
| 650 | 4 | |a Orvos- és egészségtudomány | |
| 650 | 4 | |a Klinikai orvostan | |
| 650 | 4 | |a Szülészet és nőgyógyászat | |
| 650 | 4 | |a Nőgyógyászat | |
| 695 | |a ultrahang-diagnosztika | ||
| 695 | |a nőgyógyászat | ||
| 700 | 0 | 1 | |a Németh Gábor |
| 700 | 0 | 1 | |a Wellinger Károly |e aut |
| 700 | 0 | 1 | |a Nógrády Miklós |e aut |
| 700 | 0 | 1 | |a Molnár András |e aut |
| 856 | 4 | 0 | |u https://eta.bibl.u-szeged.hu/5461/1/diasor_molnar_andras_et_al_hun_nogyogyaszati_ultrahang_diagnosztika_20201103.pdf |z Dokumentum-elérés |